000 00547cam a22001933a 4500
001 45237
003 PGUSA
005 20140828084033.0
008 140328s2014||||xxu|||||s|||||000 | eng d
040 _aPGUSA
_beng
042 _adc
245 1 4 _aThe Knickerbocker, Vol. 10, No. 2, August 1837
_h[electronic resource] /
_cVarious
260 _bProject Gutenberg,
_c2014
506 _aPublic domain in the USA.
516 _aElectronic text
830 0 _aProject Gutenberg
_v45237
856 4 0 _uhttp://www.gutenberg.org/ebooks/45237
942 _cEB
999 _c274488
_d274488